| 000 | 01237 am a2200349Ii 4500 | ||
|---|---|---|---|
| 001 | 200448862 | ||
| 999 |
_c200448862 _d67074 |
||
| 003 | TR-AnTOB | ||
| 005 | 20241112153544.0 | ||
| 007 | ta | ||
| 008 | 220524s2021 tu ab g y 000 0 tur d | ||
| 020 | _a9786057431226 | ||
| 040 |
_aAKDENİZÜNV _btur _erda _cAKDENİZÜNV _beng _dISIKU _dTR-AnTOB |
||
| 041 | 0 | _atur | |
| 050 | 4 |
_aDS51.B873 _bH47 2021 |
|
| 090 |
_aDS51.B873 _bH47 2021 |
||
| 245 | 0 | 0 |
_aHer yönü ile Burdur 2021 : _bil yıllığı / _cproje başkanı Ali Arslantaş ; editör Mustafa Kılınç ; grafik Serter Şeker. |
| 246 | 3 | 0 | _aBurdur 2021. |
| 264 | 1 |
_aBurdur : _bT.C. Burdur Valiliği, _c2021. |
|
| 300 |
_a479 pages : _billustrations, maps, charts ; _c30 cm. |
||
| 336 |
_atext _2rdacontent _btxt |
||
| 336 |
_astill image _2rdacontent _btxt |
||
| 337 |
_aunmediated _2rdamedia _bn |
||
| 338 |
_avolume _2rdacarrier _bnc |
||
| 504 | _aBIB | ||
| 651 | 0 |
_aBurdur (Türkiye) _xTarih _912756 |
|
| 651 | 7 |
_aBurdur (Türkiye) _xSosyal yaşam ve gelenekler _2etuturkob _966987 |
|
| 700 | 1 |
_aArslantaş, Ali _eproject director. _9132186 |
|
| 700 | 1 |
_aKılınç, Mustafa, _eeditor. _d1968- _9137064 |
|
| 700 | 1 |
_aŞeker, Serter _egraphic designer. _9137065 |
|
| 942 |
_2lcc _cBK |
||